Všeobecné základy soukromého pojišťování
| Format: | Book |
|---|---|
| Language: | Undetermined |
| PhysicalDescription: | 175 s. |
| Published: |
Praha
Eduard Král
1924
|
MARC
| LEADER | 00000nam a2200000 a 4500 | ||
|---|---|---|---|
| 001 | vtls001289803 | ||
| 003 | SK-MaSNL | ||
| 005 | 20260223171744.0 | ||
| 008 | 970607s1924 xx 0 und | ||
| 035 | |a SNK000241428 | ||
| 040 | |a SNK |b slo |c SNK |e AACR2 | ||
| 245 | 1 | |a Všeobecné základy soukromého pojišťování | |
| 260 | |a Praha |b Eduard Král |c 1924 | ||
| 300 | |a 175 s. | ||
| 999 | |c 628713 |d 630643 | ||
| 952 | |t P60, <04>, [BOOK], {604} |a SNK |b SNK |y VYP |7 0 |p 17A0071268 |o snkIC 1416 |0 0 |1 0 |4 0 |d 1997-06-07 |l 0 |r 2005-01-02 00:00:00 |w 2026-02-23 | ||


